|
|
|
|
| LEADER |
00000nab a2200000 a 4500 |
| 001 |
vtls000076117 |
| 003 |
SK-MaSNL |
| 005 |
20260305001220.0 |
| 008 |
250422c1980 xo 0 slo |
| 015 |
|
|
|a SNBRB19rr/mm-uuuuu
|
| 035 |
|
|
|a CL0086218
|
| 035 |
|
|
|a urn:nbn:sk:snk-abcz3a
|
| 035 |
|
|
|a (urnnbn)urn:nbn:sk:snk:ar-007ir2
|
| 035 |
|
|
|a (uuid)99a5ca26-29e5-45c2-836c-6fe4f6910bb0
|
| 040 |
|
|
|a SNKBUCL
|b slo
|c SNKBUCL
|e AACR2
|
| 041 |
0 |
|
|a cze
|
| 044 |
|
|
|a xo
|c SK
|
| 080 |
|
|
|a 543
|2 1981
|
| 100 |
1 |
|
|a Slabý, P.
|4 aut
|9 1119934
|
| 245 |
1 |
0 |
|a Imunofixační elektroforéza na acetátcelulózovém nosiči a její využití při klasifikaci monoklonálních gamapatií v rutinním provozu OKB
|c P. Slabý, J. Racek
|
| 300 |
|
|
|b Obr. 3. Res. rus., angl., nem.
|
| 650 |
0 |
7 |
|a elektroforéza
|2 snkbucl
|9 19062
|
| 655 |
|
7 |
|a články z novín a časopisov
|2 snkbucl
|9 267496
|
| 700 |
1 |
|
|a Racek, Jaroslav,
|d 1951-
|4 aut
|9 93073
|
| 773 |
0 |
|
|t Biochemia clinica bohemoslovaca
|g Roč. 9, č. 3 (1980), s. 173-178
|
| 850 |
|
|
|a Slovenská národná knižnica
|
| 852 |
|
|
|a Slovenská národná knižnica
|
| 954 |
|
|
|a odborná, vedecká literatúra cudzojazyčná (svetová)
|2 lita
|
| 958 |
|
|
|a article17
|
| 958 |
|
|
|a RK
|
| 958 |
|
|
|a CZ
|
| 958 |
|
|
|a OND
|
| 958 |
|
|
|a EUIPO
|
| 992 |
|
|
|a RBX
|
| 999 |
|
|
|c 3218021
|d 3219951
|